00309nam a2200097Ia 45000010005000000080041000050820017000461000032000632450095000952600021001901908241024s9999 xx 000 0 und d aRD/375/L732f aDinorah (de) Lima Jiménez 0aFundamentos teóricos y metodológicos. Especialmente para maestras y maestros de sgundo bUSAID/CETTc2005